Library Banner

The Internet of things : (Record no. 121398)

MARC details
000 -LEADER
fixed length control field 00654cam a22002058i 4500
001 - CONTROL NUMBER
control field 19860835
005 - DATE AND TIME OF LATEST TRANSACTION
control field 20210218084623.0
008 - FIXED-LENGTH DATA ELEMENTS--GENERAL INFORMATION
fixed length control field 170803s2018 flu b 001 0 eng
020 ## - INTERNATIONAL STANDARD BOOK NUMBER
International Standard Book Number 9781498789028 (hardback : alk. paper)
040 ## - CATALOGING SOURCE
Transcribing agency PK-LaUMT
082 00 - DEWEY DECIMAL CLASSIFICATION NUMBER
Classification number 004.678
Edition number 23
Item number INT-
245 14 - TITLE STATEMENT
Title The Internet of things :
Remainder of title foundation for smart cities, eHealth and ubiquitous computing /
Statement of responsibility, etc edited by Ricardo Armentano [et al.]
260 ## - PUBLICATION, DISTRIBUTION, ETC. (IMPRINT)
Place of publication, distribution, etc Boca Raton :
Name of publisher, distributor, etc CRC Press,
Date of publication, distribution, etc 2018
300 ## - PHYSICAL DESCRIPTION
Extent 471 p.
650 #0 - SUBJECT ADDED ENTRY--TOPICAL TERM
Topical term or geographic name as entry element Internet of things.
650 #0 - SUBJECT ADDED ENTRY--TOPICAL TERM
Topical term or geographic name as entry element Ubiquitous computing.
650 #0 - SUBJECT ADDED ENTRY--TOPICAL TERM
Topical term or geographic name as entry element Medical informatics.
700 1# - ADDED ENTRY--PERSONAL NAME
Personal name Armentano, Ricardo,
942 ## - ADDED ENTRY ELEMENTS (KOHA)
Koha item type Books
Holdings
Withdrawn status Lost status Damaged status Home library Current library Date acquired Full call number Barcode Date last seen Price effective from Koha item type
      UMT Main Campus UMT Main Campus 2021-02-18 004.678 INT- 136646 2021-02-18 2021-02-18 Books